书目信息 |
| 题名: |
日本为什么会这样
|
|
| 作者: | 蔡成平 著 | |
| 分册: | ||
| 出版信息: | 南昌 江西人民出版社 2016 |
|
| 页数: | 248页 | |
| 开本: | 23cm | |
| 丛书名: | 意见领袖专栏丛书 | |
| 单 册: | ||
| 中图分类: | K313.07 | |
| 科图分类: | ||
| 主题词: | ||
| 电子资源: | ||
| ISBN: | 978-7-210-07201-0 | |
| 000 | 00962nam0 22002531 450 | |
| 001 | 0119165303 | |
| 005 | 20170619165303.0 | |
| 010 | @a978-7-210-07201-0@dCNY38.00 | |
| 100 | @a20160325d2016 em y0chiy50 ea | |
| 101 | 0 | @achi |
| 102 | @aCN@b360000 | |
| 105 | @ay z 000yy | |
| 106 | @ar | |
| 200 | 1 | @a日本为什么会这样@9ri ben wei shen me hui zhe yang@f蔡成平著 |
| 210 | @a南昌@c江西人民出版社@d2016 | |
| 215 | @a248页@d23cm | |
| 225 | 2 | @a意见领袖专栏丛书@9yi jian ling xiu zhuan lan cong shu |
| 330 | @a本书分五大部分,分别为日本为什么这么“右”、日本为什么这么“富”、日本为什么这么“拽”、日本为什么这么“怪”以及日本为什么这么“?”,从政治、经济、中日关系、社会、环境与食品安全等方面,透视和分析日本的现状,并分析了相关的背景。 | |
| 461 | 0 | @12001 @a意见领袖专栏丛书 |
| 607 | @a日本@Ari ben@x研究@j文集 | |
| 690 | @aK313.07@v5 | |
| 701 | 0 | @a蔡成平@9cai cheng ping@4著 |
| 801 | 0 | @aCN@b百万庄@c20170616 |
| 905 | @b1011423-8@dK313.07@e65@f6 | |
| 日本为什么会这样/蔡成平著.-南昌:江西人民出版社,2016 |
| 248页;23cm.-(意见领袖专栏丛书) |
| ISBN 978-7-210-07201-0:CNY38.00 |
| 本书分五大部分,分别为日本为什么这么“右”、日本为什么这么“富”、日本为什么这么“拽”、日本为什么这么“怪”以及日本为什么这么“?”,从政治、经济、中日关系、社会、环境与食品安全等方面,透视和分析日本的现状,并分析了相关的背景。 |
| ● |
| 相关链接 |
|
|
|
|
正题名:日本为什么会这样
索取号:K313.07/65
 
预约/预借
| 序号 | 登录号 | 条形码 | 馆藏地/架位号 | 状态 | 备注 |
| 1 | 1011423 | 210114231 | 第二样本阅览室/ [索取号:K313.07/65] | 在馆 | |
| 2 | 1011424 | 210114240 | 教育系资料室/ [索取号:K313.07/65] | 在馆 | |
| 3 | 1011425 | 210114259 | 教育系资料室/ [索取号:K313.07/65] | 在馆 | |
| 4 | 1011426 | 210114268 | 教育系资料室/ [索取号:K313.07/65] | 在馆 | |
| 5 | 1011427 | 210114277 | 第二借阅区/ [索取号:K313.07/65] | 在馆 | |
| 6 | 1011428 | 210114286 | 第二借阅区/ [索取号:K313.07/65] | 在馆 |